[Event "Reykjavik Skakmot op"]
[Site "Reykjavik"]
[Date "2015.04.22"]
[Round "4"]
[White "Omarsson, Kristofer"]
[Black "Gardarsson, Halldor"]
[Result "1-0"]
[WhiteElo "1786"]
[BlackElo "1815"]
[PlyCount "75"]
[EventDate "2015.03.25"]
[EventType "swiss"]
[EventRounds "7"]
[EventCountry "ISL"]
[SourceTitle "EXT 2016"]
[Source "ChessBase"]
[SourceDate "2015.10.08"]
[SourceVersion "1"]
[SourceVersionDate "2015.10.08"]
[SourceQuality "1"]

1. e4 e5 2. Nf3 Nc6 3. d4 exd4 4. Bc4 Qf6 5. 0-0 d6 6. h3 h6 7. Re1 Ne5 8. Nxe5 dxe5 9. f4 Be6 10. fxe5 Qxe5 11. Bxe6 fxe6 12. Nd2 0-0-0 13. Nf3 Qh5 14. Qd3 e5 15. Qc4 Bd6 16. c3 dxc3 17. Be3 Kb8 18. bxc3 Ne7 19. Reb1 Qe8 20. Qa6 b6 21. a4 Qc6 22. a5 Bc5 23. Bxc5 Qxc5+ 24. Kh1 Nc8 25. axb6 cxb6 26. Rb5 Qxc3 27. Rbb1 Qc7 28. Rc1 Qb7 29. Qb5 Ka8 30. Nxe5 Nd6 31. Qa4 a5 32. Nc6 Rc8 33. Kh2 Qa6 34. Qd4 Nb5 35. Qd2 Rhe8 36. Nxa5 Rxc1 37. Qd5+ Kb8 38. Nc6+ 1-0